000 00668nam a22002177a 4500
999 _c13365
_d13365
003 AR-CdUCM
008 190415b ||||| |||| 00| 0 spa d
020 _a978-612-46800-1-4
040 _aMUNICIPALIDAD PROVINCIAL DEL CUSCO
_cBIBLIOTECA MUNICIPAL DEL CUSCO
082 _aEP / 808.06 /
_bP75
100 _aPolidori, John William
_931748
245 _aEl vampiro /
260 _aLima :
_bLinx editores,
_c2014.
300 _a45 paginas ;
_c20 cm.
440 _aCuentos de ultratumba.
_n4
_931749
505 _aContenido :El vampiro.
650 _aCuentos de terror
_931714
650 _aHistorias reales
_929099
942 _2ddc
_cLIBROS
945 _arum
_d2019-04-15